00673nam a2200205Ia 4500003000900000008004100009020001800050040001600068080001300084100002800097245008200125260003300207300001000240650004100250650002500291650001800316942000700334999001500341952011100356IN-BaIIA211028s9999 xx 000 0 eng d a1704-0-4000-0 cIIA Library a533bKAD aKadomtsev, B. B.914097 0aPlasma PhysicscB. B. Kadomtsev  aMoscowbMIR Publishersc1981 a190p. aAstronomy and Astrophysics Thesaurus aPlasma Physics93732 aPlasmas91898 cBK c8411d8411 00104070aBANbKODcGENd1985-08-30g7.75l0o533/ KADp9262r2021-11-05v7.75w1985-08-30yBKGRs. 7.75